000 00482nam a2200169Ia 4500
003 GCL
008 140319s9999 xx 000 0 eng d
040 _aGCL /
_cGCL
082 0 4 _a425
_bR G
100 1 _aROSENBAUM, PETER
245 1 0 _aTHE GRAMMAR OF ENGLISH PREDICATE COMPLEMENT CONSTRUCTIONS /
_cROSENBAUM, PETER
260 _a[S.N] :
_bRESEARCH MONOGRAPH ،
_c1967
300 _a128 P
650 0 4 _aENGLISH LANGUAGE - GRAMMAR
650 0 4 _aENGLISH LANGUAGE
942 _2ddc
_cBK
999 _c12497
_d12497